| 000 | 00825nam a2200289 a 4500 | ||
|---|---|---|---|
| 999 |
_c9966 _d9966 |
||
| 001 | 9966 | ||
| 003 | BD-JhCC | ||
| 005 | 20180403195645.0 | ||
| 008 | 930402s1985 enka 000 0 eng d | ||
| 020 | _a0408004320 | ||
| 035 | _a(BD-JhCC)9966 | ||
| 040 |
_aBD-JhCC _dBD-JhCC |
||
| 041 | _aeng | ||
| 050 | 0 | _aTK145 | |
| 082 |
_a621.3 _219 _bELE1985 |
||
| 245 | 0 | 0 |
_aElectrical engineer's reference book : _bFourteenth Edition / _cM. A. Laughton & M. G. Say |
| 250 | _a14th ed. / | ||
| 260 |
_aGuildford : _bButterworths, _c1985. |
||
| 300 |
_aVarious Pages : _bill. ; _c25 cm. |
||
| 500 | _aPrevious ed.: 1973. | ||
| 504 | _aIncludes bibliography and index. | ||
| 650 | 0 | _aElectrical engineering. | |
| 700 | 1 | _aLaughton, M. A. | |
| 700 | 1 |
_aSay, M. G. _q(Maurice George), _d1902- |
|
| 942 |
_2ddc _cBK |
||